Statistics for FlabberBapper's Geography Challenge #3

Click here to take the quiz!

General Stats

  • This quiz has been taken 59 times
  • The average score is 6 of 7

Answer Stats

Hint State % Correct
US state that holds the economic capital of the USANew York
96%
The Grand Canyon is in this US stateArizona
96%
The most populated state in the United StatesCalifornia
96%
US state that is the second biggest in size and populationTexas
96%
The tomb of Elvis Presley is in this US stateTennessee
89%
Final StateCorrect!
50%
US state that was site of Morgan's Raid during the American Civil WarIndiana
36%

Score Distribution

Percentile by Number Answered

Percent of People with Each Score

Your Score History

You have not taken this quiz